00468nam a2200145Ia 4500008004100000020001800041041000800059082001500067100002000082245010900102250000600211260006100217300001200278650003200290210716s2008 xx 000 0 und d a9780070667686 aeng a658.7 FINB aFinch, Byron J. aOperations Now: supply chain profitability and performance.bSupply chain profitability and performance. a3 aNew DelhibTata McGraw Hill Publishing Company Ltdc2008 a769,I13 aMaterials Management(658.7)